Obszary metropolitalne w Polsce - Statystyki

Ogólne statystyki
  • Ten quiz został rozwiązany 41 razy
  • Średni wynik to 22 z 28
Statystyki odpowiedzi
Obszar metropolitalny Ludność* % Poprawnych
poznański 996285
100%
trójmiejski 1170585
100%
warszawski 3189533
100%
wrocławski 890236
100%
białostocki 432994
97%
krakowski 1423151
97%
łódzki 907154
97%
szczeciński 483481
97%
bydgosko-toruński 823312
95%
górnośląski 2521341
95%
lubelski 668653
92%
rzeszowski 517628
92%
olsztyński 259873
87%
radomski 283434
84%
kielecki 397941
79%
częstochowski 393180
76%
opolski 252673
76%
gorzowski 164811
74%
tarnowski 304245
71%
koszaliński 160017
68%
płocki 219045
68%
kalisko-ostrowski 349672
63%
bielski 368312
58%
nowosądecki 265683
50%
wałbrzyski 168598
50%
koniński 170220
39%
rybnicko-jastrzębski 329913
39%
zielonogórski 211764
39%
Nie znaleziono quizów pasujących do podanych kryteriów
Rozkład punktacji
Procent ludzi z każdym wynikiem
Percentyl według liczby udzielonych odpowiedzi
Twoja historia wyników
Nie rozwiązałeś tego quizu